[Event "Sautron op 15th"]
[Site "Sautron"]
[Date "2015.10.24"]
[Round "1.3"]
[White "Rate, Bruno"]
[Black "Libiszewski, Fabien"]
[Result "0-1"]
[WhiteElo "2066"]
[BlackElo "2523"]
[PlyCount "48"]
[EventDate "2015.10.24"]
[EventType "swiss"]
[EventRounds "9"]
[EventCountry "FRA"]
[SourceTitle "EXT 2019"]
[Source "ChessBase"]
[SourceDate "2018.10.10"]
[SourceVersion "1"]
[SourceVersionDate "2018.10.10"]
[SourceQuality "1"]

1. e4 d6 2. d4 Nf6 3. Nc3 g6 4. Nf3 Bg7 5. Bf4 0-0 6. Qd2 Bg4 7. Be2 Nc6 8. d5 Nb8 9. h3 Bxf3 10. Bxf3 c6 11. 0-0 Nbd7 12. Rfe1 Rc8 13. Rad1 cxd5 14. Nxd5 Nxd5 15. Qxd5 Bxb2 16. Qxb7 Be5 17. Be3 Rc7 18. Qb1 Qa8 19. Rd5 Qc6 20. Re2 Rb8 21. Qd1 Qa4 22. Qe1 Qxa2 23. Ra5 Qc4 24. Qd1 Rcb7 0-1

[Event "FRA-chT1 0910"]
[Site "France"]
[Date "2009.10.04"]
[Round "1.6"]
[White "Rate, Bruno"]
[Black "Roumegous, Marina"]
[Result "0-1"]
[WhiteElo "2120"]
[BlackElo "2217"]
[PlyCount "122"]
[EventDate "2009.09.27"]
[EventType "team-tourn"]
[EventRounds "11"]
[EventCountry "FRA"]
[SourceTitle "EXT 2011"]
[Source "ChessBase"]
[SourceDate "2010.11.26"]
[SourceVersion "1"]
[SourceVersionDate "2010.11.26"]
[SourceQuality "1"]

1. d4 e6 2. Nf3 c5 3. e3 Nf6 4. Bd3 b6 5. 0-0 Bb7 6. Nbd2 Be7 7. b3 Nc6 8. c4 cxd4 9. exd4 d5 10. Bb2 0-0 11. Rc1 Rc8 12. Qe2 Rc7 13. Rfd1 Qc8 14. Ne5 Rd8 15. Ndf3 Nxe5 16. dxe5 Nd7 17. Nd4 dxc4 18. Bxc4 Nc5 19. Nb5 Rcd7 20. Rxd7 Qxd7 21. Nxa7 Bg5 22. Rf1 Qd2 23. Qxd2 Rxd2 24. Bc1 Rxa2 25. Bxg5 Rxa7 26. Rd1 h6 27. Be3 Be4 28. f3 Bc2 29. Rd8+ Kh7 30. b4 Nd7 31. f4 Ba4 32. Bd3+ g6 33. Be4 Rc7 34. Bf3 Rc4 35. Bd2 Rd4 36. Ra8 Bb5 37. Ra2 Bc4 38. Rb2 b5 39. Be3 Rd3 40. Kf2 Ra3 41. Be4 Nb8 42. Bc5 Na6 43. Be7 Nc7 44. Bd5 Bxd5 45. Rd2 Rc3 46. Bc5 Rc4 47. g3 Rc3 48. Ke2 g5 49. fxg5 hxg5 50. Be3 Kg6 51. h4 gxh4 52. gxh4 Rb3 53. Bc5 Ra3 54. Rd4 Kf5 55. Bd6 Be4 56. Rd2 Kf4 57. Ke1 Ra1+ 58. Ke2 Rh1 59. Rd4 Rh2+ 60. Kd1 Ke3 61. Bc5 Rh1# 0-1

[Event "FRA-chT1B 0809"]
[Site "France"]
[Date "2009.03.14"]
[Round "8.5"]
[White "Rate, Bruno"]
[Black "Saada, Julien"]
[Result "1-0"]
[WhiteElo "2095"]
[BlackElo "2267"]
[PlyCount "99"]
[EventDate "2008.10.19"]
[EventType "team-tourn"]
[EventRounds "11"]
[EventCountry "FRA"]
[SourceTitle "EXT 2010"]
[Source "ChessBase"]
[SourceDate "2010.11.25"]
[SourceVersion "1"]
[SourceVersionDate "2010.11.25"]
[SourceQuality "1"]
[WhiteTeam "Sautron"]
[BlackTeam "Migne Auxances"]
[WhiteTeamCountry "FRA"]
[BlackTeamCountry "FRA"]

1. d4 d5 2. c4 e6 3. Nc3 Nf6 4. Nf3 Nbd7 5. e3 c6 6. Bd3 Bd6 7. 0-0 0-0 8. e4 dxc4 9. Bxc4 e5 10. Bg5 Qe7 11. Bb3 Rd8 12. Re1 Bc7 13. Qc2 Bb6 14. Rad1 Re8 15. h3 Bxd4 16. Nxd4 exd4 17. Rxd4 Nc5 18. Rdd1 Nxb3 19. axb3 Qe5 20. f4 Qc5+ 21. Kh2 Nd7 22. Bh4 Nf8 23. Bf2 Qe7 24. Ra1 Qf6 25. Qd2 a6 26. Bd4 Qh6 27. Qf2 Be6 28. b4 Rad8 29. Rad1 Bb3 30. Rd2 Qd6 31. Qg3 Ng6 32. f5 Qxg3+ 33. Kxg3 Ne5 34. Be3 Rxd2 35. Bxd2 Rd8 36. Be3 Nd3 37. Re2 Nxb4 38. Bc5 Nc2 39. Kf4 Na1 40. e5 Bc4 41. Re1 Nb3 42. Bb6 Rd7 43. g4 Kf8 44. Ne4 Bd5 45. Nc5 Nxc5 46. Bxc5+ Ke8 47. e6 fxe6 48. fxe6 Rd8 49. Ke5 Bg2 50. Bd6 1-0

[Event "FRA-chT2 West 0708"]
[Site "France"]
[Date "2008.04.05"]
[Round "10.6"]
[White "Boonekamp, Maarten"]
[Black "Rate, Bruno"]
[Result "0-1"]
[WhiteElo "2033"]
[BlackElo "2105"]
[PlyCount "36"]
[EventDate "2007.10.21"]
[EventType "team"]
[EventRounds "11"]
[EventCountry "FRA"]
[SourceTitle "EXT 2009"]
[Source "ChessBase"]
[SourceDate "2008.11.26"]
[SourceVersion "1"]
[SourceVersionDate "2008.11.26"]
[SourceQuality "1"]
[WhiteTeam "Gif sur Yvette"]
[BlackTeam "Sautron"]
[WhiteTeamCountry "FRA"]
[BlackTeamCountry "FRA"]

1. e4 c5 2. Nf3 d6 3. Bb5+ Nc6 4. 0-0 Bd7 5. c3 e6 6. d4 Qb6 7. Na3 Nf6 8. Qe2 cxd4 9. Nc4 d3 10. Qxd3 Qc7 11. Bf4 e5 12. Bg5 0-0-0 13. Rad1 a6 14. Be3 axb5 15. Nb6+ Kb8 16. Qxb5 Nd4 17. Nxd7+ Qxd7 18. Qxd7 Nxf3+ 0-1

[Event "FRA-chT2 West 0607"]
[Site "France"]
[Date "2007.03.18"]
[Round "9.6"]
[White "Rate, Bruno"]
[Black "Nicoara, Malina"]
[Result "1/2-1/2"]
[WhiteElo "2133"]
[BlackElo "2230"]
[PlyCount "76"]
[EventDate "2006.10.15"]
[EventType "team"]
[EventRounds "11"]
[EventCountry "FRA"]
[SourceTitle "EXT 2008"]
[Source "ChessBase"]
[SourceDate "2007.11.25"]
[SourceVersion "1"]
[SourceVersionDate "2007.11.25"]
[SourceQuality "1"]
[WhiteTeam "Sautron"]
[BlackTeam "Chess XV II"]
[WhiteTeamCountry "FRA"]
[BlackTeamCountry "FRA"]

1. e4 c5 2. Nf3 Nc6 3. d4 cxd4 4. Nxd4 g6 5. c4 Bg7 6. Be3 Nf6 7. Nc3 d6 8. Be2 0-0 9. Rc1 Bd7 10. 0-0 Nxd4 11. Bxd4 Bc6 12. Bf3 a5 13. Nd5 Nd7 14. Bxg7 Kxg7 15. g3 Nc5 16. Bg2 e5 17. f4 f6 18. h4 exf4 19. gxf4 Bxd5 20. Qxd5 Qb6 21. Rf2 Rfe8 22. Rd1 Rad8 23. Qd4 Qc7 24. b3 b6 25. Kh1 Ne6 26. Qd2 Nc5 27. Qd5 Qc8 28. Kh2 Qg4 29. h5 Qh4+ 30. Kg1 Qg4 31. hxg6 hxg6 32. Kf1 Nxe4 33. Bxe4 Rxe4 34. Qxe4 Qxd1+ 35. Kg2 Qg4+ 36. Kf1 Qd1+ 37. Kg2 Qg4+ 38. Kf1 Qd1+ 1/2-1/2

[Event "FRA-chT2 West 0607"]
[Site "France"]
[Date "2007.02.11"]
[Round "7.3"]
[White "Favarel, Julien"]
[Black "Rate, Bruno"]
[Result "1-0"]
[WhiteElo "2267"]
[BlackElo "2133"]
[PlyCount "63"]
[EventDate "2006.10.15"]
[EventType "team"]
[EventRounds "11"]
[EventCountry "FRA"]
[SourceTitle "EXT 2008"]
[Source "ChessBase"]
[SourceDate "2007.11.25"]
[SourceVersion "1"]
[SourceVersionDate "2007.11.25"]
[SourceQuality "1"]
[WhiteTeam "Bordeaux ASPOM"]
[BlackTeam "Sautron"]
[WhiteTeamCountry "FRA"]
[BlackTeamCountry "FRA"]

1. e4 c5 2. Nf3 d6 3. d4 cxd4 4. Nxd4 Nf6 5. Nc3 a6 6. g3 g6 7. Bg2 Bg7 8. h3 0-0 9. 0-0 Nc6 10. Nde2 Bd7 11. Be3 b5 12. Nd5 Nxd5 13. exd5 Na5 14. Rb1 Nc4 15. Bc1 Rc8 16. b3 Nb6 17. Be3 Qc7 18. c3 e5 19. dxe6 fxe6 20. Rc1 d5 21. h4 Rcd8 22. h5 Be8 23. Nf4 Qd6 24. hxg6 hxg6 25. Qg4 Rxf4 26. Bxf4 e5 27. Bg5 Rc8 28. Rfd1 Bf7 29. Be3 Rd8 30. c4 bxc4 31. bxc4 d4 32. c5 1-0

[Event "Gorges op 17th"]
[Site "Gorges"]
[Date "2007.??.??"]
[Round "7"]
[White "Lemerle, Arnaud"]
[Black "Rate, Bruno"]
[Result "1-0"]
[WhiteElo "2003"]
[BlackElo "2112"]
[PlyCount "75"]
[EventDate "2007.07.08"]
[EventType "swiss"]
[EventRounds "7"]
[EventCountry "FRA"]
[SourceTitle "CBM 119 Extra"]
[Source "ChessBase"]
[SourceDate "2007.09.04"]
[SourceVersion "1"]
[SourceVersionDate "2007.09.04"]
[SourceQuality "1"]

1. c4 c5 2. Nf3 Nf6 3. d4 cxd4 4. Nxd4 g6 5. Nc3 Bg7 6. e4 d6 7. Nc2 0-0 8. Be2 Nc6 9. 0-0 Bd7 10. Ne3 Rc8 11. Rb1 Ne8 12. Ned5 Na5 13. Bg5 f6 14. Be3 Nxc4 15. Bxc4 Rxc4 16. Qb3 Rc6 17. Nxe7+ Kh8 18. Nxc6 Bxc6 19. Bd4 a6 20. Rbd1 Nc7 21. Rfe1 Qd7 22. Nd5 Nxd5 23. exd5 Ba4 24. Qc3 Bxd1 25. Rxd1 Rc8 26. Qf3 Kg8 27. g3 Qa4 28. b3 Qxa2 29. Qe4 Qc2 30. Qe6+ Kh8 31. Re1 Rf8 32. Qxd6 Qd2 33. Re4 Qd3 34. Qe7 Qxb3 35. d6 Kg8 36. d7 Qd5 37. Bb2 a5 38. Rd4 1-0

[Event "Rohde op 04th"]
[Site "Sautron "]
[Date "2004.10.25"]
[Round "3"]
[White "Rate, Bruno"]
[Black "Philippe, Christophe"]
[Result "0-1"]
[WhiteElo "2089"]
[BlackElo "2371"]
[PlyCount "86"]
[EventDate "2004.10.23"]
[EventType "swiss"]
[EventRounds "9"]
[EventCountry "FRA"]
[SourceTitle "EXT 2006"]
[Source "ChessBase"]
[SourceDate "2005.11.24"]
[SourceVersion "1"]
[SourceVersionDate "2005.11.24"]
[SourceQuality "1"]

1. d4 Nf6 2. Nf3 c5 3. e3 g6 4. c3 b6 5. Bd3 Bb7 6. Nbd2 Bg7 7. 0-0 0-0 8. e4 d6 9. Qe2 Qc7 10. Re1 Nbd7 11. a3 Rac8 12. Rb1 cxd4 13. cxd4 e5 14. dxe5 Nxe5 15. Nxe5 dxe5 16. Nf3 Rfd8 17. Bg5 h6 18. Rbc1 Qd6 19. Rxc8 Bxc8 20. Bxf6 Bxf6 21. Bc4 Bb7 22. h3 Kg7 23. Ba6 Ba8 24. Rc1 h5 25. Qe3 Qd7 26. Be2 Qb7 27. Nd2 Rd4 28. f3 Qe7 29. Qc3 Bg5 30. Rc2 Bf4 31. Nf1 h4 32. Ne3 Qd8 33. Nf1 Qe7 34. Ne3 Bb7 35. Nf1 Rd7 36. Kf2 Qd6 37. Bb5 Rd8 38. Ne3 Rc8 39. Qd3 Rxc2+ 40. Qxc2 Qd4 41. Qe2 Bxe3+ 42. Qxe3 Qxb2+ 43. Be2 Ba6 0-1

[Event "Rohde op 03rd"]
[Site "Sautron"]
[Date "2003.10.25"]
[Round "1"]
[White "Rate, Bruno"]
[Black "Prasad, Devaki V"]
[Result "0-1"]
[WhiteElo "2064"]
[BlackElo "2409"]
[PlyCount "96"]
[EventDate "2003.10.25"]
[EventType "swiss"]
[EventRounds "9"]
[EventCountry "FRA"]
[SourceTitle "EXT 2004"]
[Source "ChessBase"]
[SourceDate "2003.11.25"]
[SourceVersion "1"]
[SourceVersionDate "2003.11.25"]
[SourceQuality "1"]

1. d4 Nf6 2. Nf3 g6 3. g3 Bg7 4. Bg2 0-0 5. 0-0 d5 6. c3 b6 7. Nbd2 Bb7 8. e4 dxe4 9. Ng5 Nbd7 10. Ngxe4 Qc8 11. Re1 e6 12. a4 a6 13. b3 Re8 14. Bb2 Nxe4 15. Nxe4 Nf6 16. Qc2 Nxe4 17. Bxe4 Bxe4 18. Rxe4 Qb7 19. Rae1 b5 20. Ba3 bxa4 21. bxa4 Rab8 22. Bb4 Red8 23. Bc5 Qb3 24. Qxb3 Rxb3 25. R4e3 Bf8 26. Bxf8 Kxf8 27. Ra1 Rd6 28. a5 Rc6 29. Rc1 Rc4 30. Kf1 Ra3 31. Ke2 Rxa5 32. Kd3 Rc6 33. c4 Rb6 34. Rc2 Ra1 35. Re5 c6 36. Ree2 Rb3+ 37. Ke4 Ra4 38. c5 Rbb4 39. Red2 Ke7 40. Ra2 Rxd4+ 41. Rxd4 Rxa2 42. Rd6 Rxf2 43. Rxc6 Rxh2 44. Rxa6 Rd2 45. Ra7+ Rd7 46. Ra8 f5+ 47. Ke3 Kf6 48. Rb8 Ke5 0-1

[Event "Nantes op 2nd"]
[Site "Nantes"]
[Date "2003.??.??"]
[Round "8"]
[White "Rate, Bruno"]
[Black "Bagheri, Amir"]
[Result "0-1"]
[WhiteElo "2064"]
[BlackElo "2541"]
[PlyCount "38"]
[EventDate "2003.12.26"]
[EventType "swiss"]
[EventRounds "9"]
[EventCountry "FRA"]
[SourceTitle "CBM 097 Extra"]
[Source "ChessBase"]
[SourceDate "2004.01.13"]
[SourceVersion "1"]
[SourceVersionDate "2004.01.13"]
[SourceQuality "1"]

1. d4 Nf6 2. Nf3 c5 3. e3 d5 4. c3 Nc6 5. Bd3 Bg4 6. Nbd2 e6 7. Qa4 c4 8. Bb1 Nd7 9. e4 Bd6 10. exd5 exd5 11. 0-0 0-0 12. Qc2 Nf6 13. b3 cxb3 14. axb3 Re8 15. Ba3 Bf4 16. Ba2 Ne4 17. Nxe4 dxe4 18. Nd2 Rc8 19. Qb2 Bf3 0-1

[Event "Rohde op 02nd"]
[Site "Sautron"]
[Date "2002.11.03"]
[Round "9"]
[White "Mullon, Jean Baptiste"]
[Black "Rate, Bruno"]
[Result "1-0"]
[WhiteElo "2318"]
[BlackElo "2066"]
[PlyCount "53"]
[EventDate "2002.10.26"]
[EventType "swiss"]
[EventRounds "9"]
[EventCountry "FRA"]
[SourceTitle "EXT 2003"]
[Source "ChessBase"]
[SourceDate "2002.11.25"]
[SourceVersion "1"]
[SourceVersionDate "2002.11.25"]
[SourceQuality "1"]

1. e4 e5 2. Nc3 Nf6 3. g3 Nc6 4. Nf3 Bc5 5. Bg2 d6 6. d3 a6 7. 0-0 0-0 8. h3 Ba7 9. Nh4 Nd4 10. Kh2 h6 11. Be3 c6 12. Qd2 Nh5 13. Nd1 Nf4 14. gxf4 Qxh4 15. f5 g5 16. c3 Kh7 17. f3 Nb5 18. d4 exd4 19. cxd4 d5 20. a4 Nd6 21. Bf2 Bb8 22. e5 Nc4 23. Qb4 Nxe5 24. Qxf8 Nxf3+ 25. Kh1 Qf4 26. Qxf7+ Kh8 27. Bg1 1-0

[Event "Rohde op 02nd"]
[Site "Sautron"]
[Date "2002.10.28"]
[Round "3"]
[White "Raetsky, Alexander"]
[Black "Rate, Bruno"]
[Result "1-0"]
[WhiteElo "2423"]
[BlackElo "2066"]
[PlyCount "51"]
[EventDate "2002.10.26"]
[EventType "swiss"]
[EventRounds "9"]
[EventCountry "FRA"]
[SourceTitle "EXT 2003"]
[Source "ChessBase"]
[SourceDate "2002.11.25"]
[SourceVersion "1"]
[SourceVersionDate "2002.11.25"]
[SourceQuality "1"]

1. d4 d5 2. c4 c6 3. Nf3 Nf6 4. g3 e6 5. Bg2 Nbd7 6. Qc2 Bd6 7. Nbd2 0-0 8. 0-0 Re8 9. b3 e5 10. dxe5 Nxe5 11. Bb2 Bg4 12. cxd5 Nxd5 13. a3 Bh5 14. Nd4 Bg6 15. e4 Bc7 16. Rad1 Qe7 17. h3 Bb6 18. Rfe1 Nc7 19. Nf5 Bxf5 20. exf5 f6 21. Nc4 Qc5 22. Bxe5 fxe5 23. b4 Qf8 24. Nxe5 Rad8 25. Qb3+ Nd5 26. Bxd5+ 1-0